OCR G543 Psychology studies Quiz Stats

 Plays Quiz not verified by Sporcle

Also try: Collectors
Challenge
Share
Tweet
Embed
Score 0/52 Timer 15:00
0 Plays Today
Subsection Study/Theory % Correct
Learning from othersSutherland
73.9%
Brain dysfunctionRaine
64.8%
Genes and serotoninBrunner
60%
Poverty and disadvantaged neighbourhoodsWikstrom and Tafel
44.5%
Nine Steps of InterrogationInbau
39.4%
Bottom up approach (profiling)Canter
39.4%
Majority influenceAsch
38.7%
Causes of stress - workJohansson
38.7%
Case study of profilingCanter
38.1%
Review of top-down typologyCanter
35.5%
Effect of shields and videotapeRoss
35.2%
Causes of stress - hassles and life eventsKanner
34.5%
Media campaignCowpe
32.9%
Measures of stress - combined approachJohansson
31.6%
Effect of order of testimonyPennington and Hastie
31%
E-fitsBruce
29.7%
Effect of inadmissible evidencePickel
29%
Disrupted familiesJuby and Farrington
27.4%
Stages in juridic decision makingHastie
26.8%
Managing stress - socialWaxler-Morrison
24.5%
More lie detectionMann
24.2%
Improving adherence - behaviouralWatt
23.2%
Bias in diagnosisRosenhan
23.2%
Managing stress - behaviouralBudzynski
22.9%
PersuasionCutler
21.9%
Witness confidencePenrod and Cutler
21.3%
Subsection Study/Theory % Correct
Managing stress - cognitiveMeichenbaum
20%
Minority influenceMoscovici
19.4%
GenderWilson and Daly
18.1%
Causes of stress - lack of controlGeer and Meisel
16.8%
Physiological measures of non-adherenceLustman
15.5%
Measures of stress - self-reportKanner
15.2%
Measures of stress - physiologicalGeer and Meisel
14.5%
Defining dysfunctional behaviourRosenhan and Seligman
14.2%
Fear arousalJanis and Feshbach
13.2%
The prison situation and rolesHaney and Zimbardo
13.2%
Criminal thinking patternsYochelson and Samenov
12.6%
Health Belief Model (HBM)Becker et al
10.3%
Factors influencing identificationPickel
9.4%
The Cognitive InterviewFisher and Geiselman
8.7%
Moral developmentPalmer and Hollin
8.4%
Minority influence in jurysClark
7.7%
Social cognitionScully and Morolla
7.1%
Lie detectionVrij and Mann
7.1%
LegislationCote
7.1%
Attractiveness of defendantSigall and Ostrove
6.5%
Locus of controlTownsend
5.8%
False confessionsGudjonsson and Mackeith
4.5%
Cognitive-rational non-adherenceBulpitt and Fletcher
3.9%
Restorative justiceSherman and Strand
3.9%
Self-efficacyWulfert and Wan
3.2%
Top-down typology (profiling)Douglas and Hazelwood
2.3%

You're not logged in!

Compare scores with friends on all Sporcle quizzes.
OR
Log In

You Might Also Like...

Show Comments

Extras

Created Apr 17, 2011ReportNominate
Tags:ocr, psychology, study, theory

Top Quizzes Today


Score Distribution

Your Account Isn't Verified!

In order to create a playlist on Sporcle, you need to verify the email address you used during registration. Go to your Sporcle Settings to finish the process.

Report this User

Report this user for behavior that violates our Community Guidelines.

Details: